Normal view
MARC view
- Messianism
Entry Topical Term
001 - CONTROL NUMBER
- control field: 164831
003 - CONTROL NUMBER IDENTIFIER
- control field: KE-NaSUL
005 - DATE AND TIME OF LATEST TRANSACTION
- control field: 20250825204515.0
008 - FIXED-LENGTH DATA ELEMENTS
- fixed length control field: 250825|| aca||aabn | a|a d
040 ## - CATALOGING SOURCE
- Original cataloging agency: KE-NaSUL
- Transcribing agency: KE-NaSUL
150 ## - HEADING--TOPICAL TERM
- Topical term or geographic name as entry element: Messianism
670 ## - SOURCE DATA FOUND
- Source citation: Work cat.: (KE-NaSUL)118150: Magid, Shaul, 1958- 164826, Hasidism on the margin, c2003.